00347nam a2200133Ia 4500008004100000020001500041041001200056100001300068245006800081250000800149260003300157300000800190650001500198221030s9999 xx 000 0 und d a8126521647 aEnglish aR. Burke 0aProject Management : Planning & Control Techniquescby R. Burke a4th bWilley Pub.aNew Delhic2013 a373 aManagement